| 000 -CABECERA |
| fixed length control field |
01245nam a22002297a 4500 |
| 003 - IDENTIFICADOR DEL NÚMERO DE CONTROL |
| control field |
AR-CdUCM |
| 008 - DATOS DE LONGITUD FIJA--INFORMACIÓN GENERAL |
| fixed length control field |
190305b ||||| |||| 00| 0 spa d |
| 020 ## - NÚMERO INTERNACIONAL ESTÁNDAR DEL LIBRO |
| ISBN |
978-612-4048-68-5 |
| 040 ## - FUENTE DE LA CATALOGACIÓN |
| Agencia/entidad que catalogó originalmente la obra |
MUNICIPALIDAD PROVINCIAL DEL CUSCO |
| Entidad que transcribió la catalogación |
BIBLIOTECA MUNICIPAL DEL CUSCO |
| 082 ## - NÚMERO DE LA CLASIFICACIÓN DECIMAL DEWEY |
| No. de Clasificación |
346 / |
| Notacion interna |
C582 |
| 100 ## - ENTRADA PRINCIPAL--NOMBRE DE PERSONA |
| Nombre Personal |
Córdova Schaefer, Jesús |
| 245 ## - MENCIÓN DE TÍTULO |
| Título |
Jurisprudencia civil : |
| Resto del título |
aspectos fundamentales del derecho civil, sentencias 2008-2011, plenos casatorios / |
| 260 ## - PUBLICACIÓN, DISTRIBUCIÓN, ETC. |
| Lugar de publicación, distribución, etc. |
Lima : |
| Nombre de la editorial, distribuidor, etc. |
Caballero Bustamante, Tinco, |
| Fecha de publicación, distribución, etc. |
2011. |
| 300 ## - DESCRIPCIÓN FÍSICA |
| Nº de Páginas Extensión |
576 paginas ; |
| Dimensiones |
25 cm. |
| 505 ## - NOTA DE CONTENIDO CON FORMATO |
| Nota de contenido formateada |
Primer pleno casatorio de la corte suprema : las polémicas transacciones extrajudiciales de la minera yanacocha en el caso "choropampa" -- Cuando el pleno va perdiendo plenitud comentarios al pleno casatorio civil N°2229-2008-Lambayeque -- Algunas cuestiones "periféricas" en el tercer pleno casatorio civil Reynaldo Mario Tantalean -- El uso de certificado policial como prueba de abandono injustificado del hogar -- Declaración judicial de unión de hecho... |
| 650 ## - PUNTO DE ACCESO ADICIONAL DE MATERIA--TÉRMINO DE MATERIA |
| Descriptor |
Resolución contractual |
| 9 (RLIN) |
9151 |
| 650 ## - PUNTO DE ACCESO ADICIONAL DE MATERIA--TÉRMINO DE MATERIA |
| Descriptor |
Jurisprudencia civil |
| 9 (RLIN) |
9152 |
| 650 ## - PUNTO DE ACCESO ADICIONAL DE MATERIA--TÉRMINO DE MATERIA |
| Descriptor |
Registro civil |
| 9 (RLIN) |
9153 |
| 650 ## - PUNTO DE ACCESO ADICIONAL DE MATERIA--TÉRMINO DE MATERIA |
| Descriptor |
Reparación de daños |
| 9 (RLIN) |
9154 |
| 942 ## - ELEMENTOS DE PUNTO DE ACCESO ADICIONAL (KOHA) |
| Fuente de clasificación |
|
| Tipo de item |
Libros-BMC |
| 945 ## - PROCESAMIENTO DE INFORMACIÓN LOCAL (OCLC) |
| Catalogador |
wnts |